Geography Quiz

Random Geography or State Quiz

US National Parks Quiz Stats

 Plays Quiz Updated Dec 23, 2019

Support Sporcle.
Go Orange.
Score 0/63 Timer 08:00
10 Plays Today
Location Park % Correct
Wyoming*Yellowstone
91.4%
CaliforniaYosemite
80.1%
ArizonaGrand Canyon
78.9%
FloridaEverglades
71.4%
MontanaGlacier
64.2%
AlaskaDenali
63.9%
ColoradoRocky Mountain
60.1%
South DakotaBadlands
58.2%
UtahZion
57.6%
CaliforniaRedwood
57.2%
California*Death Valley
57.1%
UtahArches
55.4%
MaineAcadia
54.7%
WyomingGrand Teton
54.2%
Tennessee*Great Smoky Mountains
53.7%
CaliforniaSequoia
48.8%
UtahBryce Canyon
48.8%
MissouriGateway Arch
48.3%
IndianaIndiana Dunes
47.9%
New MexicoWhite Sands
47.7%
OregonCrater Lake
46.8%
CaliforniaJoshua Tree
46.7%
WashingtonOlympic
46.5%
TexasBig Bend
44.7%
KentuckyMammoth Cave
42%
HawaiiHawaii Volcanoes
42%
VirginiaShenandoah
40.1%
WashingtonMount Rainier
39.6%
TerritoryVirgin Islands
39%
ArkansasHot Springs
38.9%
UtahCanyonlands
38.6%
TerritoryAmerican Samoa
38.2%
Location Park % Correct
ArizonaPetrified Forest
37.6%
West VirginiaNew River Gorge
37.6%
New MexicoCarlsbad Caverns
37.5%
North DakotaTheodore Roosevelt
36.5%
ColoradoMesa Verde
36.2%
CaliforniaPinnacles
34.5%
CaliforniaKings Canyon
33.5%
MichiganIsle Royale
33.4%
AlaskaGlacier Bay
31.2%
AlaskaGates of the Arctic
31.1%
FloridaDry Tortugas
30.6%
CaliforniaChannel Islands
29.8%
ArizonaSaguaro
29.7%
ColoradoGreat Sand Dunes
29.6%
ColoradoBlack Canyon of the Gunnison
29.4%
OhioCuyahoga Valley
29%
WashingtonNorth Cascades
28.8%
South DakotaWind Cave
28.6%
NevadaGreat Basin
28.3%
UtahCapitol Reef
28.2%
FloridaBiscayne
27.8%
MinnesotaVoyageurs
27.6%
CaliforniaLassen Volcanic
26.9%
AlaskaKenai Fjords
26.3%
AlaskaWrangell - St Elias
25.6%
AlaskaKatmai
24.5%
TexasGuadalupe Mountains
24.1%
South CarolinaCongaree
24.1%
HawaiiHaleakala
23.9%
AlaskaLake Clark
22.1%
AlaskaKobuk Valley
19.3%

From the Vault

Communist Leaders Match-Up

by SporcleEXP

History 4m
There ain't no party like the Communist Party.
Remove Ads.
Support Sporcle.
Get the best of Sporcle when you Go Orange. This ad-free experience offers more features, more stats, and more fun while also helping to support Sporcle. Thank you for becoming a member.

Show Comments

Extras

Top Quizzes Today


Score Distribution

Your Account Isn't Verified!

In order to create a playlist on Sporcle, you need to verify the email address you used during registration. Go to your Sporcle Settings to finish the process.

Report this User

Report this user for behavior that violates our Community Guidelines.

Details: